Five Busiest Air Routes by Airport #4 - Statistics

General Stats
  • This quiz has been taken 256 times
  • The average score is 31 of 40
Answer Stats
Hint Answer % Correct
Portland (OR) Los Angeles
96%
Dallas-Fort Worth Los Angeles
96%
Brisbane Sydney
96%
Rio de Janeiro Paris-Charles de Gaulle
94%
Brisbane Melbourne
93%
Dallas-Fort Worth New York-LaGuardia
93%
Bangor (ME) New York-LaGuardia
93%
Brisbane Perth
93%
Rio de Janeiro Sao Paulo-Congonhas
93%
Rio de Janeiro Sao Paulo-Guarulhos
93%
Portland (OR) San Francisco
92%
Belfast London-Gatwick
90%
Helsinki London-Heathrow
90%
Belfast London-Luton
90%
Belfast London-Stansted
90%
Portland (OR) Seattle-Tacoma
90%
London-City Amsterdam-Schiphol
89%
Helsinki Amsterdam-Schiphol
89%
London-City Dublin
89%
Helsinki Stockholm-Arlanda
89%
Brisbane Auckland
82%
Dallas-Fort Worth Chicago-O'Hare
82%
London-City Frankfurt
81%
Helsinki Frankfurt
81%
Helsinki Copenhagen-Kastrup
79%
London-City Edinburgh
78%
Dallas-Fort Worth Atlanta-Hartsfield Jackson
77%
Belfast Glasgow
77%
Rio de Janeiro Buenos Aires-Ezeiza
76%
Portland (OR) Denver
76%
Dallas-Fort Worth Denver
76%
Bangor (ME) Washington-National
64%
Portland (OR) Phoenix-Sky Harbor
57%
Bangor (ME) Philadelphia
54%
London-City Zurich
43%
Belfast Liverpool
42%
Bangor (ME) Orlando-Sanford
42%
Bangor (ME) Detroit
40%
Rio de Janeiro Belo Horizonte-Confins
39%
Brisbane Cairns
33%
No matching quizzes found
Score Distribution
Percent of People with Each Score
Percentile by Number Answered
Your Score History
You have not taken this quiz